Návrh novej koncepcie komunikačnej stratégie pre sieť súkromných polikliník diplomová práca

Uložené v:
Podrobná bibliografia
Hlavný autor: Brnová, Zuzana
Korporativný autor: Obchodná fakulta EU. Katedra marketingu
Ďalší autori: Lukačovičová, Zuzana
Médium: Kniha
Jazyk:Slovak
Vydavateľské údaje: Bratislava 2011
Tagy: Pridať tag
Žiadne tagy, Buďte prvý, kto otaguje tento záznam!

MARC

LEADER 00000nbm a2200000 4500
001 0131963
005 20170315090422.6
041 0 |a slo 
044 |a SK 
245 1 0 |a Návrh novej koncepcie komunikačnej stratégie pre sieť súkromných polikliník  |b diplomová práca  |c Zuzana Brnová ; školiteľ: Zuzana Lukačovičová 
264 1 |a Bratislava  |c 2011 
300 |a 81 s. 
100 1 |a Brnová, Zuzana 
700 1 |a Lukačovičová, Zuzana 
710 2 |a Obchodná fakulta EU. Katedra marketingu